[Event "interzonal (w)"]
[Site "Jakarta INA"]
[Date "1993.??.??"]
[Round "7"]
[White "Thipsay, Bagyashree Sathe"]
[Black "Botsari, Anna-Maria"]
[Result "0-1"]
[WhiteElo "2175"]
[BlackElo "2245"]
[EventDate "1993.07.??"]
[PlyCount "124"]

1.e4 a6 2.d4 b5 3.Bd3 Bb7 4.Nf3 e6 5.O-O Nf6 6.Qe2 c5 7.c3 Qb6 8.a3 Be7 9.
b4 cxd4 10.cxd4 d6 11.Nbd2 Nbd7 12.Nb3 Rc8 13.Bd2 O-O 14.Na5 Ba8 15.Rfc1 
Qb8 16.Ne1 Rxc1 17.Rxc1 Rc8 18.Rb1 Nb6 19.Rb3 Nfd7 20.Bb1 Bf6 21.Nc2 Nc4 
22.Nxc4 Rxc4 23.Rh3 Qb7 24.Ne3 Rxd4 25.Bc3 Rxe4 26.Bxe4 Qxe4 27.Bxf6 Nxf6 
28.Qc2 Qb7 29.Rh4 e5 30.Kf1 d5 31.f3 g6 32.Qc5 Qd7 33.f4 d4 34.Nd1 e4 35.
Qe5 Ne8 36.f5 e3 37.fxg6 fxg6 38.Rxd4 Qf7+ 39.Qf4 Qa2 40.Nxe3 Qxa3 41.Rd8 
Qa1+ 42.Kf2 Qb2+ 43.Kg3 Bc6 44.Qd4 Qc1 45.Qd2 Qa1 46.Kf2 Kf7 47.Rd4 Nf6 
48.Qd3 h5 49.h3 Kg7 50.Nc2 Qc1 51.Qc3 Be8 52.Rd2 Qxd2+ 53.Qxd2 Ne4+ 54.Ke3
Nxd2 55.Kxd2 Kf6 56.Nd4 Ke5 57.Ke3 Kd5 58.Kd3 Bd7 59.h4 Bc8 60.g3 Bg4 61.
Nb3 Bf5+ 62.Kc3 Ke4 0-1

[Event "interzonal (w)"]
[Site "Jakarta INA"]
[Date "1993.??.??"]
[Round "7"]
[White "Tverskaya, Julia"]
[Black "Jurgens, Vera"]
[Result "1/2-1/2"]
[WhiteElo "2090"]
[BlackElo "2350"]
[EventDate "1993.07.??"]
[PlyCount "85"]

1.e4 c5 2.Nf3 Nc6 3.d4 cxd4 4.Nxd4 Nf6 5.Nc3 e5 6.Ndb5 d6 7.Bg5 a6 8.Na3 
b5 9.Nd5 Be7 10.Bxf6 Bxf6 11.c3 O-O 12.Nc2 Bb7 13.a4 bxa4 14.Rxa4 Bg5 15.
Bd3 Nb8 16.Nce3 Nd7 17.b4 Bxe3 18.Nxe3 a5 19.O-O axb4 20.cxb4 Nb6 21.Rxa8 
Qxa8 22.Qb1 g6 23.Rc1 Rc8 24.Rxc8+ Qxc8 25.Qc2 Qxc2 26.Bxc2 Ba6 27.f3 Kf8 
28.Kf2 Ke7 29.Bb3 Bb7 30.Ke2 Bc8 31.Kd3 f5 32.Nd5+ Nxd5 33.Bxd5 Ba6+ 34.
Bc4 Bb7 35.Bg8 fxe4+ 36.fxe4 h6 37.b5 Kd7 38.Bh7 g5 39.Kc4 Kc7 40.g3 Kb6 
41.Bf5 Ka5 42.Bg6 Ba8 43.Bf5 1/2-1/2

[Event "interzonal (w)"]
[Site "Jakarta INA"]
[Date "1993.??.??"]
[Round "7"]
[White "Voiska, Margarita"]
[Black "Dabrowska, Krystyna"]
[Result "1/2-1/2"]
[WhiteElo "2345"]
[BlackElo "2240"]
[EventDate "1993.07.??"]
[PlyCount "126"]

1.c4 c5 2.g3 Nf6 3.Bg2 e6 4.Nf3 Be7 5.O-O O-O 6.b3 a6 7.Nc3 Nc6 8.d3 Qc7 
9.Bb2 b6 10.Rc1 Bb7 11.e3 Rad8 12.Qe2 Rfe8 13.Ne4 Nxe4 14.dxe4 d5 15.exd5 
exd5 16.cxd5 Nb4 17.e4 Bf8 18.a3 Nxd5 19.Rfe1 Ne7 20.b4 Nc6 21.bxc5 Bxc5 
22.Qc4 Qd7 23.e5 Na5 24.Qf4 Nb3 25.Rc2 Bxf3 26.Qxf3 Nd4 27.Bxd4 Qxd4 28.
Rce2 Qd3 29.Qxd3 Rxd3 30.a4 Red8 31.Bb7 Ra3 32.Bc6 Rc8 33.Bd7 Rd8 34.Bc6 
Kf8 35.Kg2 g6 36.f4 Rc8 37.Bb7 Rc7 38.Bxa6 Rxa4 39.Bd3 Rd4 40.Bc2 b5 41.e6
f5 42.Ra1 b4 43.Ra8+ Kg7 44.Rb8 Be7 45.Rb5 Rdc4 46.Bb3 Rc3 47.Bd5 Kf6 48.
Ra2 Rd3 49.Rb2 Rc5 50.Rxc5 Bxc5 51.Bc4 Rc3 52.Bb3 Bd4 53.Rb1 Rd3 54.Bc4 
Rd2+ 55.Kh1 Bc3 56.Bb3 Ke7 57.Kg1 Bd4+ 58.Kh1 Kd6 59.Re1 Bf6 60.Kg1 Rb2 
61.Rd1+ Kc5 62.Rd5+ Kc6 63.Rd3 Kc5 1/2-1/2

[Event "interzonal (w)"]
[Site "Jakarta INA"]
[Date "1993.??.??"]
[Round "8"]
[White "Botsari, Anna-Maria"]
[Black "Maric, Alisa"]
[Result "1/2-1/2"]
[WhiteElo "2245"]
[BlackElo "2405"]
[EventDate "1993.07.??"]
[PlyCount "53"]

1.d4 Nf6 2.c4 e6 3.Nc3 Bb4 4.Qc2 O-O 5.a3 Bxc3+ 6.Qxc3 b6 7.Bg5 c5 8.dxc5 
bxc5 9.e3 d6 10.Nh3 Nbd7 11.f3 Qb6 12.Be2 Rb8 13.O-O-O d5 14.Rd2 Bb7 15.g4
e5 16.Bxf6 d4 17.Qc2 Nxf6 18.e4 Bc6 19.Nf2 Qa5 20.Bd1 Nd7 21.Nd3 Rb7 22.h4
Rfb8 23.g5 Re8 24.Qb1 Qc7 25.Qa2 Qd6 26.Rg2 Qe6 27.b3 1/2-1/2

[Event "interzonal (w)"]
[Site "Jakarta INA"]
[Date "1993.??.??"]
[Round "8"]
[White "Csoke, Adrienn"]
[Black "Levitan, Yuliya"]
[Result "1-0"]
[WhiteElo "2235"]
[BlackElo "2270"]
[EventDate "1993.07.??"]
[PlyCount "129"]

1.e4 c5 2.Nf3 Nc6 3.d4 cxd4 4.Nxd4 Nf6 5.Nc3 g6 6.Nxc6 bxc6 7.e5 Ng8 8.Bc4
Bg7 9.Bf4 Qa5 10.Qf3 Bxe5 11.Bxf7+ Kxf7 12.Bxe5+ Nf6 13.Bxf6 exf6 14.O-O 
d5 15.Rfe1 Be6 16.Ne2 Rhe8 17.c3 Qc7 18.Nd4 Bd7 19.b4 Re5 20.Re3 Rxe3 21.
Qxe3 Re8 22.Qh6 Kg8 23.Qd2 Qe5 24.Nf3 Qe2 25.Re1 Qxd2 26.Rxe8+ Bxe8 27.
Nxd2 g5 28.Kf1 Kf8 29.Ke2 Ke7 30.Kd3 Kd6 31.Nb3 Bg6+ 32.Kd4 Bc2 33.Nc5 Bg6
34.g3 Bc2 35.f4 g4 36.a3 Bf5 37.Nb3 Bc8 38.a4 Ba6 39.Nd2 Be2 40.a5 Ba6 41.
Nb3 Bc8 42.Nd2 Ba6 43.Nb3 Bc8 44.Nc5 Bf5 45.Na4 Bc2 46.Nb2 a6 47.c4 Bb3 
48.cxd5 cxd5 49.Nd3 Kc6 50.Nc5 Bc4 51.Ne6 Kd6 52.Ng7 Ke7 53.Nf5+ Ke6 54.
Ne3 Be2 55.Nxd5 h5 56.Kc5 Kf5 57.Nc3 Bf1 58.b5 axb5 59.a6 Bg2 60.Kxb5 h4 
61.Kc5 hxg3 62.hxg3 Ke6 63.a7 Ba8 64.Na4 Kf5 65.Kd4 1-0

[Event "interzonal (w)"]
[Site "Jakarta INA"]
[Date "1993.??.??"]
[Round "8"]
[White "Foisor, Cristina"]
[Black "Amura, Claudia"]
[Result "1-0"]
[WhiteElo "2360"]
[BlackElo "2365"]
[EventDate "1993.07.??"]
[PlyCount "87"]

1.c4 e6 2.g3 d5 3.Bg2 Nf6 4.Nf3 Be7 5.O-O O-O 6.d4 dxc4 7.Qc2 a6 8.a4 Bd7 
9.Qxc4 Bc6 10.Bg5 Bd5 11.Qc2 Be4 12.Qc1 Nc6 13.e3 Nd5 14.Bxe7 Qxe7 15.Nc3 
Nxc3 16.bxc3 Na5 17.Nd2 Bxg2 18.Kxg2 c5 19.Qb2 Rac8 20.Qb6 Qc7 21.Rfb1 h6 
22.Ne4 cxd4 23.cxd4 Qc6 24.Qxc6 Rxc6 25.Nc5 Rc7 26.f4 Re8 27.Ra2 f6 28.Ne4
Rd8 29.Kf3 e5 30.dxe5 fxe5 31.f5 Kf7 32.g4 Rd5 33.Rab2 Rd3 34.h4 Ra3 35.
Rb4 Ke7 36.g5 hxg5 37.hxg5 Rc2 38.f6+ gxf6 39.gxf6+ Kf8 40.Rh1 Rc6 41.Rh8+
Kf7 42.Rh7+ Kf8 43.Rb1 Rac3 44.Rg1 1-0

[Event "interzonal (w)"]
[Site "Jakarta INA"]
[Date "1993.??.??"]
[Round "8"]
[White "Holoubkova, Martina"]
[Black "Dabrowska, Krystyna"]
[Result "0-1"]
[WhiteElo "2235"]
[BlackElo "2240"]
[EventDate "1993.07.??"]
[PlyCount "98"]

1.e4 e5 2.Nf3 d6 3.d4 Nf6 4.Nc3 Nbd7 5.Bc4 Be7 6.O-O O-O 7.Re1 c6 8.a4 h6 
9.h3 Re8 10.Be3 Qc7 11.Qd2 Bf8 12.Nh4 Nb6 13.Bb3 Be6 14.Bxe6 Rxe6 15.d5 
Nc4 16.Qe2 cxd5 17.exd5 Ree8 18.Nb5 Qc8 19.Nxa7 Qc7 20.Nb5 Qc8 21.b3 Nxe3 
22.fxe3 e4 23.c4 Re5 24.Rf1 Rg5 25.Kh2 Qe8 26.Qb2 Qd7 27.Nd4 Re8 28.Rf5 
Rxf5 29.Nhxf5 g6 30.Ng3 Bg7 31.Rf1 h5 32.Qf2 Qe7 33.Nge2 Nd7 34.Kh1 Nc5 
35.Nf4 Bxd4 36.exd4 e3 37.Qc2 Ne4 38.Ne2 h4 39.b4 Ng3+ 40.Nxg3 hxg3 41.Qe2
Qe4 42.Rf3 Qxd4 43.Rf1 Qd2 44.Qf3 Qf2 45.c5 e2 46.Rxf2 gxf2 47.Qxf2 e1=Q+ 
48.Qxe1 Rxe1+ 49.Kh2 dxc5 0-1

[Event "interzonal (w)"]
[Site "Jakarta INA"]
[Date "1993.??.??"]
[Round "8"]
[White "Kulish, Irina"]
[Black "Cramling, Pia"]
[Result "0-1"]
[WhiteElo "2225"]
[BlackElo "2525"]
[EventDate "1993.07.??"]
[PlyCount "118"]

1.e4 c5 2.Nf3 e6 3.c3 Nf6 4.e5 Nd5 5.d4 cxd4 6.cxd4 b6 7.Nc3 Nxc3 8.bxc3 
Qc7 9.Bd2 d6 10.Bb5+ Nd7 11.O-O Be7 12.Qe2 O-O 13.exd6 Bxd6 14.h3 Bb7 15.
Bd3 Rac8 16.Rac1 Rfd8 17.Rfe1 Nf6 18.Ne5 Bxe5 19.Qxe5 Qxe5 20.Rxe5 Bd5 21.
Ba6 Rc7 22.Bf4 Re7 23.a4 Bb7 24.Bxb7 Rxb7 25.Bg5 Rc8 26.Bxf6 gxf6 27.Rb5 
a6 28.Rb3 Rc4 29.Rb4 Rc6 30.Rcb1 a5 31.Rb5 Rxc3 32.Rxb6 Rxb6 33.Rxb6 Rc4 
34.d5 exd5 35.Rb5 Rxa4 36.Rxd5 Kf8 37.Rd7 f5 38.g3 f4 39.g4 Rc4 40.Kg2 Kg7
41.Ra7 a4 42.Kf3 Kf6 43.Ra6+ Ke5 44.Ra5+ Kd4 45.Kxf4 Kc3+ 46.Kg5 Kb3 47.
Kh6 a3 48.Kxh7 Ra4 49.Rb5+ Kc2 50.Rc5+ Kd2 51.Rb5 a2 52.Rb2+ Kd3 53.Rxa2 
Rxa2 54.Kg7 Ke4 55.h4 Ra7 56.Kf6 Kf4 57.h5 Kxg4 58.h6 Ra6+ 59.Kg7 Rxh6 0-1

[Event "interzonal (w)"]
[Site "Jakarta INA"]
[Date "1993.??.??"]
[Round "8"]
[White "Matveeva, Svetlana"]
[Black "Gurieli, Nino"]
[Result "0-1"]
[WhiteElo "2395"]
[BlackElo "2355"]
[EventDate "1993.07.??"]
[PlyCount "74"]

1.d4 d6 2.Nf3 g6 3.c4 Bg7 4.Nc3 e5 5.e4 exd4 6.Nxd4 Ne7 7.Be3 Nbc6 8.h4 h5
9.Qd2 O-O 10.O-O-O Nxd4 11.Bxd4 Nc6 12.Bxg7 Kxg7 13.Be2 Be6 14.f4 f5 15.g3
Qf6 16.Rhe1 Rae8 17.exf5 Qxf5 18.Bf3 Qc5 19.b3 Bf5 20.Kb2 Nb4 21.Be4 a5 
22.a3 Nc6 23.Na4 Qa7 24.Bxf5 Rxe1 25.Rxe1 Rxf5 26.c5 Qb8 27.cxd6 cxd6 28.
Nb6 Kf7 29.Nc4 d5 30.Ne3 Rf6 31.Qxd5+ Kg7 32.Nc4 Qa7 33.Re3 Rf7 34.Nd6 Rd7
35.Ne8+ Kf8 36.Qe4 Re7 37.Qxg6 Qxe3 0-1

[Event "interzonal (w)"]
[Site "Jakarta INA"]
[Date "1993.??.??"]
[Round "8"]
[White "Safranska, Anda"]
[Black "Khurtsidze, Nino"]
[Result "1-0"]
[WhiteElo "2290"]
[BlackElo "2325"]
[EventDate "1993.07.??"]
[PlyCount "113"]

1.e4 e5 2.Nf3 Nc6 3.Bb5 g6 4.c3 a6 5.Ba4 d6 6.O-O Bg7 7.h3 Nf6 8.Re1 O-O 
9.d4 b5 10.Bb3 Bb7 11.Bg5 h6 12.Bh4 Qc8 13.Nbd2 Nh5 14.Nf1 Re8 15.a4 Na5 
16.Bc2 c5 17.d5 c4 18.N3h2 Qc7 19.f3 Bc8 20.Bf2 Nf4 21.Be3 Bd7 22.Qd2 g5 
23.axb5 axb5 24.Ra3 Nb3 25.Rxb3 cxb3 26.Bxb3 f5 27.exf5 Bxf5 28.Ng3 Bg6 
29.Ne4 Bxe4 30.fxe4 Rf8 31.Nf1 Ng6 32.Ng3 Nh4 33.Bd1 Bf6 34.Bg4 Bd8 35.Kh2
Qe7 36.Qe2 Rb8 37.Be6+ Kh8 38.Qh5 Qg7 39.Ra1 Bb6 40.Bxb6 Rxb6 41.Ra7 Qf6 
42.Nf5 Rbb8 43.g3 Qg6 44.Qxg6 Nxg6 45.Bf7 Ra8 46.Rxa8 Rxa8 47.Bxg6 Ra2 48.
Nxd6 Rxb2+ 49.Kg1 Rb3 50.Kf2 Rxc3 51.Nxb5 Rc2+ 52.Kf3 Kg7 53.Be8 Kf8 54.
Bc6 Ke7 55.Kg4 Rf2 56.d6+ Kd8 57.Na3 1-0

[Event "interzonal (w)"]
[Site "Jakarta INA"]
[Date "1993.??.??"]
[Round "8"]
[White "Shumiakina, Tatiana"]
[Black "Lelchuk, Zoya"]
[Result "1/2-1/2"]
[WhiteElo "2320"]
[BlackElo "2340"]
[EventDate "1993.07.??"]
[PlyCount "69"]

1.d4 g6 2.c4 Bg7 3.Nc3 Nf6 4.e4 O-O 5.f3 c6 6.Be3 d5 7.e5 Ne8 8.cxd5 cxd5 
9.f4 Nc6 10.Nf3 Nc7 11.Be2 Bf5 12.O-O Qd7 13.h3 Rad8 14.Qd2 Kh8 15.Rad1 f6
16.Bd3 Bxd3 17.Qxd3 f5 18.Qe2 Rc8 19.Rc1 e6 20.Nd2 Na5 21.b3 b5 22.Rc2 a6 
23.Rfc1 Rfe8 24.a4 Bf8 25.axb5 Nxb5 26.Na4 Rxc2 27.Rxc2 Bb4 28.Qd3 Qa7 29.
Nc5 Kg8 30.Nf3 h6 31.Kh2 Nc6 32.Qd1 Re7 33.Nd3 Bc3 34.Bd2 Bxd2 35.Rxc6 
1/2-1/2

[Event "interzonal (w)"]
[Site "Jakarta INA"]
[Date "1993.??.??"]
[Round "8"]
[White "Sofieva, Ainur"]
[Black "Jurgens, Vera"]
[Result "1-0"]
[WhiteElo "2390"]
[BlackElo "2350"]
[EventDate "1993.07.??"]
[PlyCount "145"]

1.e4 e5 2.Nf3 Nc6 3.Bc4 Bc5 4.c3 Nf6 5.b4 Bb6 6.d3 d6 7.a4 a6 8.a5 Ba7 9.
O-O O-O 10.Re1 h6 11.h3 Ne7 12.Nh4 g5 13.Qf3 Kg7 14.Nf5+ Nxf5 15.exf5 d5 
16.Bb3 e4 17.dxe4 dxe4 18.Qg3 Bxf5 19.Qe5 Bg6 20.Rd1 Qc8 21.c4 Qf5 22.Qxf5
Bxf5 23.Bb2 Rad8 24.Nc3 Bd4 25.Rxd4 Rxd4 26.Nd5 Rxd5 27.cxd5 Kg6 28.Rc1 
Rc8 29.g4 Bd7 30.f3 h5 31.Bc2 hxg4 32.fxe4 Nh5 33.e5+ Kh6 34.e6 fxe6 35.
hxg4 Nf4 36.Kf2 Ng6 37.Kg3 Rf8 38.Bxg6 Kxg6 39.Rxc7 Bb5 40.Rg7+ Kh6 41.
Rxb7 Rf4 42.d6 Rxb4 43.Be5 Rb3+ 44.Kf2 Rb1 45.Re7 Rf1+ 46.Kg2 Re1 47.Rxe6+
Kh7 48.Re7+ Kg6 49.Kf2 Re2+ 50.Kf3 Re1 51.d7 Rd1 52.Bd6 Rxd6 53.Re6+ Rxe6 
54.d8=Q Rf6+ 55.Ke3 Rf4 56.Qg8+ Kh6 57.Qh8+ Kg6 58.Qh5+ Kf6 59.Qh6+ Kf7 
60.Qxg5 Rf6 61.Qd5+ Kg7 62.g5 Rf8 63.Qe5+ Kg6 64.Qd6+ Kg7 65.Qh6+ Kg8 66.
Qg6+ Kh8 67.Qh6+ Kg8 68.g6 Re8+ 69.Kf4 Re7 70.Kg5 Bd7 71.Qh2 Bc8 72.Qb8 
Re8 73.Qc7 1-0

[Event "interzonal (w)"]
[Site "Jakarta INA"]
[Date "1993.??.??"]
[Round "8"]
[White "Starr, Nava"]
[Black "Voiska, Margarita"]
[Result "0-1"]
[WhiteElo "2210"]
[BlackElo "2345"]
[EventDate "1993.07.??"]
[PlyCount "74"]

1.e4 e5 2.Nf3 Nc6 3.Bc4 Bc5 4.O-O Nf6 5.d4 Nxd4 6.Nxe5 Ne6 7.Bxe6 fxe6 8.
Nd3 Be7 9.e5 Nd5 10.Qf3 d6 11.c4 Nb6 12.Nd2 Bd7 13.Qxb7 O-O 14.Qe4 Rf5 15.
Qe2 Qe8 16.b3 Qg6 17.f4 Bc6 18.Nf3 Rff8 19.Re1 d5 20.c5 Bb5 21.cxb6 Bxd3 
22.Qf2 axb6 23.Kh1 Be4 24.Bd2 Bc5 25.Qg3 Qxg3 26.hxg3 Bxf3 27.gxf3 Bd4 28.
Rac1 Rxa2 29.Red1 c5 30.g4 h5 31.b4 hxg4 32.fxg4 Rxd2 33.Rxd2 Be3 34.Rdc2 
Bxc1 35.Rxc1 Rxf4 36.bxc5 bxc5 37.Rxc5 Rxg4 0-1

[Event "interzonal (w)"]
[Site "Jakarta INA"]
[Date "1993.??.??"]
[Round "8"]
[White "Sulistya, Maria Lucia Ratna"]
[Black "Lumongdong, Lisa Karlina"]
[Result "1/2-1/2"]
[WhiteElo "2190"]
[BlackElo "2080"]
[EventDate "1993.07.??"]
[PlyCount "47"]

1.e4 c5 2.Nf3 Nc6 3.c3 e6 4.d4 d5 5.exd5 exd5 6.Bb5 Bd6 7.dxc5 Bxc5 8.Nd4 
Ne7 9.O-O O-O 10.Be3 Qb6 11.Nxc6 bxc6 12.Bxc5 Qxc5 13.Bd3 Bf5 14.Bxf5 Nxf5
15.Nd2 Rfe8 16.Nb3 Qb6 17.Qc2 Nd6 18.Nd4 c5 19.Nf5 Nxf5 20.Qxf5 Qxb2 21.
Qxd5 Qxc3 22.Rac1 Qd4 23.Rxc5 Qxd5 24.Rxd5 1/2-1/2

[Event "interzonal (w)"]
[Site "Jakarta INA"]
[Date "1993.??.??"]
[Round "8"]
[White "Uskova, Fliura"]
[Black "Maric, Mirjana"]
[Result "1/2-1/2"]
[WhiteElo "2260"]
[BlackElo "2305"]
[EventDate "1993.07.??"]
[PlyCount "84"]

1.e4 d5 2.exd5 Qxd5 3.Nc3 Qa5 4.Bc4 Nf6 5.d4 c6 6.Nf3 Bg4 7.h3 Bh5 8.g4 
Bg6 9.Bd2 Qb6 10.Bb3 e6 11.Qe2 Bc5 12.O-O-O Nbd7 13.Ne5 Nxe5 14.dxe5 Nd5 
15.Ne4 O-O-O 16.Bg5 Be7 17.Bxe7 Nxe7 18.Rxd8+ Rxd8 19.Nd6+ Kb8 20.f4 Qd4 
21.Rf1 f6 22.f5 exf5 23.gxf5 fxe5 24.fxg6 Qxd6 25.gxh7 Nd5 26.Qh5 Rh8 27.
Bxd5 cxd5 28.Rf7 a6 29.Rxg7 Qf6 30.Rg8+ Ka7 31.Rxh8 Qf4+ 32.Kd1 Qf1+ 33.
Kd2 Qf4+ 34.Ke2 Qh2+ 35.Kf3 Qf4+ 36.Ke2 Qh2+ 37.Kf1 Qf4+ 38.Ke1 Qg3+ 39.
Kd1 Qg1+ 40.Kd2 Qd4+ 41.Ke2 Qe4+ 42.Kf2 Qd4+ 1/2-1/2

[Event "interzonal (w)"]
[Site "Jakarta INA"]
[Date "1993.??.??"]
[Round "8"]
[White "Wijayanti, Lindri Juni"]
[Black "Tverskaya, Julia"]
[Result "0-1"]
[WhiteElo "2185"]
[BlackElo "2090"]
[EventDate "1993.07.??"]
[PlyCount "88"]

1.e4 e5 2.Nf3 Nc6 3.Bb5 a6 4.Ba4 Nf6 5.O-O Be7 6.Qe2 b5 7.Bb3 d6 8.c3 O-O 
9.h3 Na5 10.Bc2 c5 11.d4 Qc7 12.Rd1 Bb7 13.d5 Nc4 14.a4 Nb6 15.b3 b4 16.c4
Nbd7 17.Nbd2 g6 18.Nf1 Nh5 19.Bh6 Rfe8 20.Qd2 Bf8 21.Be3 Bc8 22.N3h2 Bg7 
23.Ra2 Qd8 24.Ng4 Rf8 25.Nh6+ Kh8 26.Nh2 Ndf6 27.Bg5 Qe8 28.Rf1 Ng8 29.
Nxg8 Kxg8 30.Bd1 f6 31.Be3 f5 32.Bxh5 gxh5 33.exf5 Bxf5 34.Nf3 Bxh3 35.Nh4
Bc8 36.Bg5 Ra7 37.Qe3 Raf7 38.Qg3 Kh8 39.Qe3 Bg4 40.Rd2 e4 41.g3 Qe5 42.
Bf4 Rxf4 43.gxf4 Rxf4 44.Qg3 Bf3 0-1

[Event "interzonal (w)"]
[Site "Jakarta INA"]
[Date "1993.??.??"]
[Round "9"]
[White "Amura, Claudia"]
[Black "Uskova, Fliura"]
[Result "1/2-1/2"]
[WhiteElo "2365"]
[BlackElo "2260"]
[EventDate "1993.07.??"]
[PlyCount "131"]

1.d4 Nf6 2.c4 e6 3.Nc3 Bb4 4.Qc2 c5 5.dxc5 Bxc5 6.Nf3 Qb6 7.e3 Qc7 8.b3 a6
9.Bb2 b6 10.Be2 Bb7 11.O-O Be7 12.Rac1 d6 13.Nd2 Nbd7 14.f4 Rc8 15.Qb1 Qb8
16.e4 O-O 17.Kh1 Rfd8 18.Rce1 Bf8 19.a4 Nc5 20.Bf3 e5 21.f5 b5 22.cxb5 
axb5 23.axb5 d5 24.exd5 Nxd5 25.Na4 f6 26.Nxc5 Rxc5 27.Ba3 Rxb5 28.Bxf8 
Kxf8 29.Qc1 Nf4 30.Qa3+ Qd6 31.Qxd6+ Rxd6 32.Nc4 Rd3 33.Bxb7 Rxb7 34.g3 
Nd5 35.Rd1 Rbxb3 36.Rxd3 Rxd3 37.Ra1 g6 38.Ra7 gxf5 39.Rxh7 Ne7 40.Rh8+ 
Kf7 41.Kg2 Nd5 42.Ra8 f4 43.Ra7+ Kg6 44.Ra6 Kg5 45.Nd6 Ne3+ 46.Kf2 Ng4+ 
47.Ke2 Re3+ 48.Kd2 Nxh2 49.gxf4+ exf4 50.Ra4 Nf3+ 51.Kc2 f5 52.Nf7+ Kh4 
53.Nh6 Re6 54.Nxf5+ Kg4 55.Ng7 Re5 56.Ra6 Ng5 57.Rf6 f3 58.Kd3 Ne4 59.Rf8 
Nf2+ 60.Kd4 Re4+ 61.Kd5 Re1 62.Nf5 Nd1 63.Nh6+ Kg3 64.Rg8+ Kh3 65.Ng4 Ne3+
66.Ke4 1/2-1/2

[Event "interzonal (w)"]
[Site "Jakarta INA"]
[Date "1993.??.??"]
[Round "9"]
[White "Arakhamia, Ketevan"]
[Black "Peng Zhaoqin"]
[Result "1-0"]
[WhiteElo "2440"]
[BlackElo "2335"]
[EventDate "1993.07.??"]
[PlyCount "123"]

1.e4 c5 2.Nf3 d6 3.d4 cxd4 4.Nxd4 Nf6 5.Nc3 a6 6.Be2 Nbd7 7.O-O g6 8.Bg5 
Bg7 9.Qd2 Nc5 10.Bf3 O-O 11.Rfe1 Qb6 12.Rab1 Ncd7 13.Be3 Qc7 14.Nd5 Nxd5 
15.exd5 Ne5 16.Be2 Ng4 17.Bg5 Re8 18.Bxg4 Bxg4 19.Re4 Bxd4 20.Qxd4 Bf5 21.
Re2 f6 22.Be3 Rac8 23.Rbe1 Qc4 24.Qxc4 Rxc4 25.c3 Kf7 26.Bd4 b5 27.f3 h5 
28.Kf2 Bc8 29.Rd2 Bb7 30.Bb6 b4 31.cxb4 Rxb4 32.Be3 Rc8 33.b3 a5 34.Red1 
g5 35.Re2 a4 36.Bd2 Rd4 37.Rde1 Rc7 38.bxa4 Rxa4 39.Be3 Bxd5 40.Ra1 e5 41.
Rd2 Ke6 42.a3 Bb3 43.Rb2 Rc3 44.Bd2 Rd3 45.Bb4 g4 46.Re1 Ra8 47.Re3 Rxe3 
48.Kxe3 Bc4 49.f4 d5 50.fxe5 fxe5 51.Rc2 d4+ 52.Ke4 Rc8 53.Rf2 Ba6 54.Ba5 
h4 55.Rb2 Rc6 56.Rb8 Bc8 57.Rb5 Rd6 58.Rxe5+ Kf6 59.Rh5 d3 60.Rh6+ Ke7 61.
Bb4 d2 62.Rxd6 1-0

[Event "interzonal (w)"]
[Site "Jakarta INA"]
[Date "1993.??.??"]
[Round "9"]
[White "Botsari, Anna-Maria"]
[Black "Wang Pin"]
[Result "1-0"]
[WhiteElo "2245"]
[BlackElo "2335"]
[EventDate "1993.07.??"]
[PlyCount "81"]

1.d4 Nf6 2.c4 g6 3.Nc3 Bg7 4.e4 d6 5.f3 O-O 6.Bg5 c5 7.d5 e6 8.Qd2 exd5 9.
cxd5 h6 10.Be3 Na6 11.Nge2 Nc7 12.Ng3 Kh7 13.Be2 a6 14.a4 Re8 15.O-O Rb8 
16.Rfb1 b5 17.axb5 Nxb5 18.Bxb5 axb5 19.b4 cxb4 20.Rxb4 Bd7 21.Nge2 Rc8 
22.Ra7 Ra8 23.Nxb5 Rxa7 24.Nxa7 Qa5 25.Nc6 Qa1+ 26.Kf2 Ra8 27.Qc1 Qa2 28.
Bd4 Rc8 29.Qf4 Bxc6 30.Bxf6 Be8 31.Rb2 Qa1 32.Bxg7 Kxg7 33.Rd2 Qa5 34.e5 
dxe5 35.Qxe5+ Kg8 36.Qe3 Bb5 37.Ng3 Qa1 38.d6 Re8 39.Ne4 f5 40.Qb3+ Kh7 
41.Qxb5 1-0

[Event "interzonal (w)"]
[Site "Jakarta INA"]
[Date "1993.??.??"]
[Round "9"]
[White "Dabrowska, Krystyna"]
[Black "Matveeva, Svetlana"]
[Result "1-0"]
[WhiteElo "2240"]
[BlackElo "2395"]
[EventDate "1993.07.??"]
[PlyCount "85"]

1.e4 g6 2.d4 Bg7 3.c3 d6 4.Nf3 Nf6 5.Bd3 O-O 6.O-O c5 7.h3 cxd4 8.cxd4 Nc6
9.Nc3 Nd7 10.Be3 a6 11.Rc1 b6 12.Ne2 Bb7 13.d5 Nb4 14.Bb1 a5 15.Nfd4 Nc5 
16.a3 Nba6 17.Qd2 a4 18.f3 Qd7 19.Ba2 Nc7 20.Bc4 Ba6 21.Bxa6 N7xa6 22.Bh6 
Bxh6 23.Qxh6 e5 24.dxe6 fxe6 25.Nc3 Nd3 26.Rc2 Nac5 27.Rd1 Rad8 28.Qe3 Nf4
29.Rcd2 d5 30.exd5 exd5 31.Nde2 Rde8 32.Qf2 Nfe6 33.Rxd5 Qc7 34.Qg3 Qg7 
35.Qg4 h5 36.Qb4 Qc7 37.Rd6 Rf5 38.Qxb6 Qf7 39.Nd4 Nxd4 40.R6xd4 Ne6 41.
Rxa4 Nf4 42.Ra7 Qc4 43.Qb7 1-0

[Event "interzonal (w)"]
[Site "Jakarta INA"]
[Date "1993.??.??"]
[Round "9"]
[White "Gurieli, Nino"]
[Black "Galliamova-Ivanchuk, Alisa"]
[Result "0-1"]
[WhiteElo "2355"]
[BlackElo "2435"]
[EventDate "1993.07.??"]
[PlyCount "94"]

1.d4 Nf6 2.Nf3 e6 3.c4 d5 4.e3 Be7 5.Nc3 O-O 6.Bd3 dxc4 7.Bxc4 a6 8.Qe2 c5
9.dxc5 Bxc5 10.O-O Nbd7 11.a3 b5 12.Ba2 Bb7 13.Rd1 Qc7 14.h3 Ne5 15.e4 Ng6
16.Be3 Rad8 17.Rac1 Nf4 18.Qf1 Bxe3 19.fxe3 Rxd1 20.Rxd1 N4h5 21.Qd3 Ng3 
22.e5 Bxf3 23.gxf3 Qxe5 24.Kf2 Nf5 25.f4 Qc7 26.Ne2 Qb7 27.Bb1 g6 28.e4 
Ng7 29.Qd4 Ngh5 30.Nc3 Qe7 31.Ne2 Ne8 32.e5 Qh4+ 33.Kg2 Nc7 34.Ba2 Nd5 35.
Bxd5 Rd8 36.Qe3 Rxd5 37.Rxd5 exd5 38.e6 Qe7 39.Nd4 fxe6 40.Nxe6 Nxf4+ 41.
Qxf4 Qxe6 42.Qb8+ Kg7 43.Qc7+ Kh6 44.Qc1+ g5 45.Qc5 Qe4+ 46.Kg3 Qd3+ 47.
Kg4 Qc4+ 0-1

[Event "interzonal (w)"]
[Site "Jakarta INA"]
[Date "1993.??.??"]
[Round "9"]
[White "Khurtsidze, Nino"]
[Black "Kulish, Irina"]
[Result "1/2-1/2"]
[WhiteElo "2325"]
[BlackElo "2225"]
[EventDate "1993.07.??"]
[PlyCount "94"]

1.d4 Nf6 2.Nf3 e6 3.e3 c5 4.Bd3 cxd4 5.exd4 b6 6.O-O Bb7 7.c4 Be7 8.Nc3 d6
9.b3 O-O 10.Bb2 Nbd7 11.Qe2 Re8 12.Rad1 Bf8 13.Bb1 a6 14.Rfe1 Qc7 15.Qd3 
g6 16.a3 Rac8 17.Ba2 Bg7 18.b4 Qb8 19.Ng5 h6 20.Nge4 Nxe4 21.Nxe4 d5 22.
cxd5 exd5 23.Nd2 Rxe1+ 24.Rxe1 Re8 25.Rxe8+ Qxe8 26.Nf1 b5 27.Qe3 Qc8 28.
Qc3 Qd8 29.Ne3 Nb6 30.Qc2 Bc8 31.Nxd5 Nxd5 32.Bxd5 Qxd5 33.Qxc8+ Kh7 34.
Qc3 Qe4 35.h3 h5 36.g3 h4 37.gxh4 Qxh4 38.Qe3 Qh5 39.Kg2 Qd5+ 40.Qf3 Qa2 
41.Qc3 Qb1 42.Kh2 Qe4 43.Qe3 Qc2 44.Bc3 Qa2 45.Bd2 Qd5 46.Bc3 Qa2 47.Bd2 
Qd5 1/2-1/2

[Event "interzonal (w)"]
[Site "Jakarta INA"]
[Date "1993.??.??"]
[Round "9"]
[White "Jurgens, Vera"]
[Black "Starr, Nava"]
[Result "1/2-1/2"]
[WhiteElo "2350"]
[BlackElo "2210"]
[EventDate "1993.07.??"]
[PlyCount "89"]

1.d4 c5 2.d5 Nf6 3.c4 b5 4.Nf3 Bb7 5.Nfd2 d6 6.e4 b4 7.a3 a5 8.axb4 cxb4 
9.c5 dxc5 10.Bc4 g6 11.O-O Bg7 12.Re1 O-O 13.Nf3 Nfd7 14.Nbd2 Nb6 15.Bb5 
Qc7 16.Qe2 Rc8 17.Nc4 Nxc4 18.Bxc4 Nd7 19.Ng5 Rf8 20.Be3 h6 21.Nf3 Kh7 22.
Rec1 a4 23.Ra2 a3 24.bxa3 Rxa3 25.Nd2 Rfa8 26.Rac2 Rc3 27.Rxc3 Bxc3 28.Nb3
Ra3 29.f4 Qb6 30.e5 Ba6 31.Bxa6 Qxa6 32.Qxa6 Rxa6 33.Nxc5 Nxc5 34.Bxc5 Ra5
35.Bxe7 Rxd5 36.Rb1 Rd4 37.g3 Kg7 38.Bf6+ Kf8 39.e6 Rd6 40.Bxc3 bxc3 41.
Rb8+ Ke7 42.exf7 Kxf7 43.Rc8 Rd1+ 44.Kf2 Rd2+ 45.Ke3 1/2-1/2

[Event "interzonal (w)"]
[Site "Jakarta INA"]
[Date "1993.??.??"]
[Round "9"]
[White "Shumiakina, Tatiana"]
[Black "Marinello, Beatriz"]
[Result "1/2-1/2"]
[WhiteElo "2320"]
[BlackElo "2160"]
[EventDate "1993.07.??"]
[PlyCount "202"]

1.g3 g6 2.d4 Bg7 3.Bg2 Nf6 4.e4 d6 5.Ne2 O-O 6.Nbc3 c6 7.a4 e5 8.O-O Na6 
9.h3 Re8 10.Re1 Bd7 11.Bg5 h6 12.Be3 Qa5 13.Qd2 Kh7 14.Rad1 Rad8 15.f3 Bc8
16.d5 Nc5 17.b3 Nh5 18.Nb1 Qc7 19.g4 Nf6 20.Nbc3 a5 21.Ng3 cxd5 22.exd5 
Bd7 23.Nce4 Nfxe4 24.fxe4 b5 25.axb5 Bxb5 26.Qf2 Rc8 27.Ra1 Ra8 28.Bf1 
Bxf1 29.Rxf1 f6 30.Bxc5 dxc5 31.Ra4 Reb8 32.Rc4 a4 33.Rxc5 Qd7 34.bxa4 
Rxa4 35.Rc6 Rbb4 36.Qc5 Rb7 37.Rd1 Rab4 38.Qd6 Qxd6 39.Rxd6 Rc7 40.Rd2 
Rbc4 41.Re6 Kg8 42.Ra6 Rxc2 43.d6 Rc1+ 44.Kf2 Rd7 45.h4 Kf7 46.h5 Rc4 47.
Ke3 Rc3+ 48.Rd3 Rc1 49.Kd2 Rc4 50.Rc3 Rd4+ 51.Ke3 Bf8 52.hxg6+ Kxg6 53.Nf5
Bxd6 54.Rcc6 Be7 55.Nxd4 exd4+ 56.Kd3 Kg5 57.Ra5+ Kxg4 58.Rd5 Ra7 59.Rxd4 
Kf3 60.Rc3 h5 61.Rd5 h4 62.Rf5+ Kg4 63.Rc8 Rd7+ 64.Ke2 Rd8 65.Rc1 Ra8 66.
Rg1+ Kh3 67.Rg7 Ra2+ 68.Kd3 Ra3+ 69.Ke2 Bd6 70.Rf3+ Rxf3 71.Kxf3 Bg3 72.
Rg6 Be5 73.Rg1 Kh2 74.Rd1 Bg3 75.Rd2+ Kh3 76.Rc2 Be5 77.Rc1 Kh2 78.Kg4 Bg3
79.Rc2+ Kg1 80.Kh3 Kf1 81.Ra2 Ke1 82.Kg4 Kd1 83.Ra6 Be5 84.Kxh4 Ke2 85.Ra3
Bd4 86.Kg4 Be5 87.Kf5 Kd2 88.Ke6 Ke2 89.Kd5 Kd2 90.Rh3 Ke2 91.Rh5 Ba1 92.
Rh1 Be5 93.Rb1 Kd3 94.Rf1 Ke3 95.Rf5 Ba1 96.Rh5 Kf4 97.Rh3 Be5 98.Rh1 Ke3 
99.Rb1 Kf3 100.Re1 Kf2 101.Rh1 Kf3 1/2-1/2

[Event "interzonal (w)"]
[Site "Jakarta INA"]
[Date "1993.??.??"]
[Round "9"]
[White "Thipsay, Bagyashree Sathe"]
[Black "Holoubkova, Martina"]
[Result "1-0"]
[WhiteElo "2175"]
[BlackElo "2235"]
[EventDate "1993.07.??"]
[PlyCount "59"]

1.e4 e5 2.Nf3 Nc6 3.Nc3 Nf6 4.d4 exd4 5.Nxd4 Bb4 6.Nxc6 bxc6 7.Bd3 d5 8.
exd5 cxd5 9.O-O O-O 10.Bg5 Be6 11.Nb5 c5 12.a3 Ba5 13.b4 Bb6 14.c3 Rc8 15.
Qd2 d4 16.cxd4 cxd4 17.a4 a6 18.Na3 a5 19.Bxf6 gxf6 20.Qh6 f5 21.bxa5 Bxa5
22.Nb5 f6 23.Qf4 Bc3 24.Rad1 Qa5 25.Bxf5 Bxf5 26.Qxf5 Qxa4 27.Rd3 Qb4 28.
Rg3+ Kh8 29.Qd7 Rg8 30.Rh3 1-0